Estudios translingüísticos / (Registro nro. 12854)

Detalles MARC
000 -LIDER
fixed length control field 00866nam a22002657a 4500
003 - IDENTIFICACDOR DE NÚMERO DE CONTROL
control field DO-SdBNP
005 - DATE AND TIME OF LATEST TRANSACTION
control field 20250731094356.0
008 - ELEMENTOS DE LONGITUD FIJA
fixed length control field 171110b 2005 dr 00| 0 spa d
020 ## - ISBN
International Standard Book Number 9993449342
040 ## - FUENTE DE CATALOGACIÓN
Agencia que crea de manera original el registro BPMSU
Idioma de catalogación spa
Agencia que realiza la transcripción BPMSU
082 #4 - NÚMERO DE CLASIFICACIÓN DECIMAL DE DEWEY
Classification number 410
Item number M433e 2005
Edition number 22
100 1# - ASIENTO PRINCIPAL -- NOMBRE PERSONAL
Nombre personal Matos Moquete, Manuel,
Fechas asociadas con el nombre 1944-
245 10 - MENCIÓN DE TITULO
Título Estudios translingüísticos /
Mención de responsabilidad Manuel Matos Mquete ; corrección Odalís Pérez
260 ## - PUBLICACIÓN, DISTRIBUCIÓN, ETC. (PIE DE IMPRENTA)
Lugar de publicación, distribución, etc Santo Domingo :
Nombre del editor, distribuidor, etc. Editora Nacional ,
Fecha de publicación, distribución, etc 2005.
300 ## - DESCRIPCIÓN FÍSICA
Extensión 256 p. ;
Dimensiones 23 cm.
490 0# - MENCIÓN DE SERIES
Mención de serie Premios Nacionales
500 ## - NOTA GENERAL
Nota general Incluye datos biográficos del autor en las solapas.
586 ## - AWARDS NOTE
Awards note Premio Anual de Ensayo Pedro Henríquez Ureña
590 ## - NOTA LOCAL
Enlace Inventariado, 2022/VM
650 #4 - ENCABEZAMIENTO DE MATERIA--TEMÁTICO
Término temático o nombre geográfico como elemento de entrada Lingüística.
650 #4 - ENCABEZAMIENTO DE MATERIA--TEMÁTICO
Término temático o nombre geográfico como elemento de entrada Filosofía del lenguaje.
700 1# - ASIENTO SECUNDARIO -- NOMBRE PERSONAL
Nombre personal Pérez, Odalís,
Mención de responsabilidad coordinador
910 ## - VALIDACIÓN
Validación VMateo V. /Validado
942 ## - ADDED ENTRY ELEMENTS (KOHA)
Source of classification or shelving scheme Dewey Decimal Classification
Koha item type Libros
Existencias
Withdrawn status Lost status Source of classification or shelving scheme Damaged status Not for loan Collection code Home library Current library Date acquired Source of acquisition Full call number Barcode Date last seen Price effective from Koha item type Total Checkouts Copy number
    Dewey Decimal Classification     Colección Dominicana Biblioteca Pública Metropolitana Salomé Ureña Biblioteca Pública Metropolitana Salomé Ureña 11/10/2017 BNPHU BPMSU CD 410 M433e 2005 BPMSU17110160 11/10/2017 11/10/2017 Libros    
    Dewey Decimal Classification     Colección Dominicana Biblioteca Pública Metropolitana Salomé Ureña Biblioteca Pública Metropolitana Salomé Ureña 11/10/2017 BNPHU BPMSU CD 410 M433e 2005 BPMSU25070089 07/31/2025 11/10/2017 Libros   e.2
    Dewey Decimal Classification     Colección Dominicana Biblioteca Pública Metropolitana Salomé Ureña Biblioteca Pública Metropolitana Salomé Ureña 11/10/2017 BNPHU BPMSU CD 410 M433e 2005 BPMSU25070090 07/31/2025 11/10/2017 Libros   e.3